书目信息 |
| 题名: |
课程与教师
|
|
| 作者: | 佐藤学 著 ;钟启泉 译 | |
| 分册: | ||
| 出版信息: | 北京 教育科学出版社 2006 |
|
| 页数: | 399页 | |
| 开本: | 24cm | |
| 丛书名: | 世界课程与教学新理论文库 | |
| 单 册: | ||
| 中图分类: | G423.04 , G451 | |
| 科图分类: | ||
| 主题词: | 课程--研究 , 教师--研究 | |
| 电子资源: | ||
| ISBN: | 7-5041-2467-2 | |
| 000 | 01154nam0 2200301 450 | |
| 001 | 1536125806 | |
| 005 | 20150128102437.25 | |
| 010 | @a7-5041-2467-2@dCNY42.00 | |
| 100 | @a20070706d2006 em y0chiy0120 ea | |
| 101 | 1 | @achi@cjpn |
| 102 | @aCN@b110000 | |
| 105 | @ay z 000yy | |
| 200 | 1 | @a课程与教师@AKe Cheng Yu Jiao Shi@f(日)佐藤学著@F( Ri ) Zuo Teng Xue Zhu@g钟启泉译 |
| 210 | @a北京@c教育科学出版社@d2006 | |
| 215 | @a399页@c照片@d24cm | |
| 225 | 2 | @a世界课程与教学新理论文库 |
| 300 | @a“十五”国家重点图书出版规划项目国家教育部普通高等学校人文社会科学重点研究基地华东师范大学课程与教学研究所研究项目 | |
| 330 | @a本书作者从质性研究与阐释学的视角,诠释了日本学校教育的发展问题与课题;提供了重建“课程”概念、重建“教师”概念的思路,也提示了作为“学习共同体”的未来学校发展的构图。 | |
| 410 | 0 | @12001 @a世界课程与教学新理论文库 |
| 510 | 1 | @aCurriculum and Teachers@zeng |
| 606 | 0 | @a课程@x研究 |
| 606 | 0 | @a教师@x研究 |
| 690 | @aG423.04@v4 | |
| 690 | @aG451@v4 | |
| 701 | 0 | @c(日)@a佐藤学@AZuo Teng Xue@4著 |
| 702 | 0 | @a钟启泉@AZhong Qi Quan@c(教授)@4译 |
| 801 | 0 | @aCN@bTSSF@c20150128 |
| 905 | @aZUCC@dG423.04@eJY387 | |
| 课程与教师/(日)佐藤学著/钟启泉译.-北京:教育科学出版社,2006 |
| 399页:照片;24cm.-(世界课程与教学新理论文库) |
| “十五”国家重点图书出版规划项目国家教育部普通高等学校人文社会科学重点研究基地华东师范大学课程与教学研究所研究项目 |
| ISBN 7-5041-2467-2:CNY42.00 |
| 本书作者从质性研究与阐释学的视角,诠释了日本学校教育的发展问题与课题;提供了重建“课程”概念、重建“教师”概念的思路,也提示了作为“学习共同体”的未来学校发展的构图。 |
| ● |
| 相关链接 |
|
|
|
|
正题名:课程与教师
索取号:G423.04/JY387
 
预约/预借
| 序号 | 登录号 | 条形码 | 馆藏地/架位号 | 状态 | 备注 |
| 1 | 7845825 | 278458250 | 学院路分馆/ [索取号:G423.04/JY387] | 在馆 | |
| 2 | 7845826 | 278458269 | 学院路分馆/ [索取号:G423.04/JY387] | 在馆 | |
| 3 | 7845827 | 278458278 | 学院路分馆/ [索取号:G423.04/JY387] | 在馆 | |
| 4 | 7845828 | 278458287 | 学院路分馆/ [索取号:G423.04/JY387] | 在馆 | |
| 5 | 7845829 | 278458296 | 学院路分馆/ [索取号:G423.04/JY387] | 在馆 |